00824 2200301 4500001002100000005001500021035002000036007000300056040001700059100002400076245006700100250001300167300003600180020002100216041000800237082000800245084001400253090001900267264004700286336002100333337003000354338002300384650001400407850001000421008004100431990002500472990002500497INLIS00000000000643120260413082500 a0010-0422000036ta aSBPUPADbind0 aSutrisnoePengarang1 aMerawat Dan Mendidik Anak Dengan ADHD Secara Bijak /cSutrisno a.-Cet. 1 avi, 144 Hal. :billus. ;c21 cm a978-602-5119-3-60 aind a371 a371 SUT m a371 RIA s 14-5 a.--Yogyakarta :bMillennial Readers,c2018 2rdacontentaTeks 2rdamediaaTanpa Perantara 2rdacarrieravolume 4aAnak Anak aPUPAD260413 0  a31.831/APBD/DPK/2019 a31.829/APBD/DPK/2019